Top 100 Most populated countries (2025) - Statistics

General Stats
  • This quiz has been taken 96 times
    72 since last reset
  • The average score is 70 of 100
Answer Stats
# Answer % Correct
2 China
95%
1 India
95%
3 USA
95%
4 Indonesia
89%
54 Niger
89%
7 Brazil
87%
23 France
87%
11 Mexico
87%
6 Nigeria
87%
9 Russia
87%
22 United Kingdom
87%
13 Egypt
85%
19 Germany
85%
25 Italy
85%
5 Pakistan
85%
32 Spain
85%
12 Japan
84%
16 Vietnam
84%
35 Argentina
82%
38 Canada
82%
18 Turkey
82%
8 Bangladesh
80%
85 Dominican Republic
80%
17 Iran
80%
24 South Africa
80%
20 Thailand
80%
55 Australia
78%
28 Colombia
78%
93 Portugal
78%
40 Ukraine
78%
53 Venezuela
78%
33 Algeria
76%
42 Poland
76%
91 Sweden
76%
36 Afghanistan
75%
10 Ethiopia
75%
65 Kazakhstan
75%
47 Peru
75%
14 Philippines
75%
48 Saudi Arabia
75%
66 Chile
73%
34 Iraq
73%
58 Mali
73%
69 Romania
73%
29 South Korea
73%
30 Sudan
73%
21 Tanzania
73%
64 Chad
71%
72 Ecuador
71%
95 Greece
71%
98 Israel
71%
43 Uzbekistan
71%
46 Ghana
69%
26 Kenya
69%
57 Syria
69%
80 Tunisia
69%
99 Austria
67%
44 Malaysia
67%
86 United Arab Emirates
67%
92 Czech Republic
65%
82 Haiti
65%
39 | 41 Angola
64%
83 Belgium
64%
84 Jordan
64%
27 Myanmar
64%
52 Nepal
64%
56 North Korea
64%
60 Sri Lanka
64%
37 Yemen
64%
15 DRC
62%
97 Hungary
62%
71 Netherlands
62%
67 Somalia
62%
68 Senegal
60%
81 South Sudan
60%
31 Uganda
60%
63 Zambia
60%
51 Cameroon
58%
90 Papua New Guinea
58%
94 Azerbaijan
56%
100 Belarus
56%
79 Bolivia
56%
73 Cambodia
56%
50 Côte d'Ivoire
56%
88 Cuba
56%
70 Guatemala
56%
87 Honduras
56%
45 Mozambique
56%
78 Burundi
55%
49 Madagascar
55%
61 Taiwan
55%
74 Zimbabwe
55%
59 Burkina Faso
53%
75 Guinea
53%
77 Rwanda
53%
89 Tajikistan
53%
76 Benin
49%
62 Malawi
49%
96 Togo
45%
No matching quizzes found
Score Distribution
Percent of People with Each Score
Percentile by Number Answered
Your Score History
You have not taken this quiz since the last reset